Najkrajšie knihy Slovenska 1996

Bibliographic Details
Main Author: Švec, Ján (Author)
Corporate Author: Najkrajšie knihy Slovenska (súťaž) Bratislava, Slovensko)
Other Authors: Cíferská, Eva, 1954- (Compiler), Kováčik, Miroslav (Translator), Pozdechová, Andrea (Translator), Kastl, Pavel, 1953- (Photographer)
Format: Conference Proceeding Book
Language:Slovak
English
German
PhysicalDescription:41 s. fotogr. 21 cm
Published: Bratislava BIBIANA - Medzinárodný dom umenia pre deti 1998
ISBN:8096741438
Subjects:

MARC

LEADER 00000nam a2200000 a 4500
001 vtls001356379
003 SK-MaSNL
005 20260425231851.0
008 160415s1998 xo ab y 0 slo
015 |a SNBE1999/03-01354 
020 |a 8096741438 
035 |a SNK000309854 
040 |a SNK  |b slo  |c SNK  |e AACR2 
041 0 |a slo  |a eng  |a ger 
043 |a e-xo--- 
044 |a xo  |c SK 
072 7 |a 655  |x Polygrafia. Vydavateľstvá a knižný obchod  |2 konspekt 
080 |a 08/09  |2 1981 
080 |a [655.1+686.1]:74/77  |2 1981 
080 |a 655+686.1  |2 1981 
080 |a (437.6)  |2 1981 
080 |a (083.82)  |2 1981 
111 2 |a Najkrajšie knihy Slovenska (súťaž)  |n (5. :  |d 1996 :  |c Bratislava, Slovensko)  |9 459191 
245 1 0 |a Najkrajšie knihy Slovenska 1996  |c zostavila Eva Cíferská ; grafická úprava Andrea Štefančíková ; fotografie Pavel Kastl ; text Ján Švec ; preklad Miroslav Kováčik, Andrea Pozdechová 
246 1 1 |a The most blautifuk books of Slovakia 
246 1 1 |a Die Schönsten Bücher der Slowakei 
260 |a Bratislava  |b BIBIANA - Medzinárodný dom umenia pre deti  |c 1998 
300 |a 41 s.  |b fotogr.  |c 21 cm 
500 |a Súbež. náz. a text angl., nem. 
500 |a 500 výt. 
611 2 7 |a Najkrajšie knihy Slovenska (súťaž)  |n (5. :  |d 1996 :  |c Bratislava, Slovensko)  |2 SNKKA  |9 459191 
650 0 7 |a knihy  |2 SNKPH  |9 19731 
650 0 7 |a knižné umenie  |2 SNKPH  |9 2744 
650 0 7 |a knižná kultúra  |2 SNKPH  |9 31235 
651 7 |a Bratislava (Slovensko)  |2 SNKPH  |9 14568 
655 7 |a katalógy  |2 SNKPH  |9 60821 
700 1 |a Cíferská, Eva,  |d 1954-  |4 com  |9 213465 
700 1 |a Štefančíková, Andrea  |4 bkd  |9 395726 
700 1 |a Švec, Ján  |4 aut  |9 262158 
700 1 |a Kováčik, Miroslav  |4 trl  |9 339492 
700 1 |a Pozdechová, Andrea  |4 trl  |9 10480 
700 1 |a Kastl, Pavel,  |d 1953-  |4 pht  |9 224750 
919 |a 80-967414-3-8 
958 |a TL 
958 |a BQ 
999 |c 720389  |d 722319 
952 |t P60, <03>, [BOOK], {603}  |a SNK  |b SNK  |y PREZ  |7 0  |p 17A0183226  |o snkOSC 20157  |i snkKSP 2201/99  |0 0  |1 0  |4 0  |d 1999-03-03  |l 0  |r 2005-01-02 00:00:00  |w 2026-02-23 
952 |t P60, <04>, [BOOK], {604}  |a SNK  |b SNK  |y VYP  |7 0  |p 17A0183227  |o snkOSC 20157 D1  |i snkKSP 2202/99  |0 0  |1 0  |4 0  |d 1999-03-03  |l 0  |r 2005-01-02 00:00:00  |w 2026-02-23 
952 |a SNKLM  |b SNKLM  |y NEVYP  |7 0  |o snklmKK 1174  |i snklm43/2002  |8 7  |0 0  |1 0  |4 0  |d 2006-08-23  |l 0  |r 2026-02-23 21:58:01  |w 2026-02-23 
952 |a SNKLM  |b SNKLM  |y NEVYP  |7 0  |o snklmKK 1175  |i snklm43/2002  |8 7  |0 0  |1 0  |4 0  |d 2006-08-23  |l 0  |r 2026-02-23 21:58:01  |w 2026-02-23